Catálogo ilustrado de las mariposas de la reserva de la sociedad civil rogitama biodiversidad (Arcabuco, Boyacá-Colombia) / (Registro nro. 7433)

Detalles MARC
000 -CABECERA
Campo de control 00906nam a22002297a 4500
005 - FECHA Y HORA DE LA ULTIMA TRANSACCION
Campo de control 20140318020003.0
008 - ELEMENTOS DE LONGITUD FIJA—INFORMACION GENERAL
Campo de control 120416s2010 ck a gr 00010 spa d
020 ## - ISBN
ISBN 9789586601733
041 0# - IDIOMA
Código de idioma para texto/pista de sonido o título separado Español
044 ## - PAÍS DE PUBLICACIÓN
País de publicación Colombia
082 04 - NUMERO DE CLASIFICACION DECIMAL DEWEY
Número de clasificación 595.789
Número del ítem P981c
245 00 - MENCION DE TITULO
Título Catálogo ilustrado de las mariposas de la reserva de la sociedad civil rogitama biodiversidad (Arcabuco, Boyacá-Colombia) /
Mención de responsabilidad Hannier W. Pulido-B ... [et al.].
260 ## - PUBLICACION, DISTRIBUCION, ETC. (PIE DE IMPRENTA)
Lugar de publicación, distribución, etc. Tunja :
Nombre del editor, distribuidor, etc. Universidad Pedagógica y Tecnológica de Colombia :
-- Corporación Autónoma Regional de Boyacá,
Fecha de publicación, distribución, etc. 2010.
300 ## - DESCRIPCION FISICA
Extensión 112 p. :
Otros detalles físicos il. ;
Dimensiones 14 x 22 cm.
504 ## - NOTA DE BIBLIOGRAFIA, ETC.
Nota de bibliografía Incluye bibliografía.
650 #4 - ASIENTO SECUNDARIO DE MATERIA - TERMINO TEMATICO
Término temático o nombre geográfico como elemento de entrada Mariposas
Subdivisión geográfica Arcabuco (Boyacá, Colombia)
650 #4 - ASIENTO SECUNDARIO DE MATERIA - TERMINO TEMATICO
Término temático o nombre geográfico como elemento de entrada Mariposas
Subdivisión general Clasificación.
650 #4 - ASIENTO SECUNDARIO DE MATERIA - TERMINO TEMATICO
Término temático o nombre geográfico como elemento de entrada Mariposas
Subdivisión general Fichas técnicas.
700 1# - ASIENTO SECUNDARIO - NOMBRE PERSONAL
Nombre personal Pulido B., Hannier W.
942 ## - ELEMENTOS ADICIONALES (KOHA)
Sistema de clasificación Dewey Decimal Classification
Tipo de ítem
Koha issues (borrowed), all copies 2
949 ## - LOCAL PROCESSING INFORMATION (OCLC)
a
Existencias
Withdrawn status Lost status Sistema de Clasificación Damaged status No para préstamo Colección Inventariado Ubicación Permanente Ubicación actual Fecha de adquisición Fuente de Valor Valor Total Checkouts Número topográfico Inventario / Código de Barras Date last seen Date checked out Ejemplar Price effective from Tipo de material
    Dewey Decimal Classification     General Inventariado 2017 Bogotá Bogotá 24/07/2013 Instituto 39000.00 2 LB 595.789 P981c 028443 17/03/2014 17/03/2014 Ej. 1 24/07/2013 Libro